Empúries : guia itinerària / Enric Sanmartí, Josep M. Nolla guia itinerària / Enric Sanmartí, Josep M. Nolla
ISBN:
84-7794-014-2
Descripción Física:
63 p. : il., negre i col., 1 f. pleg. ; 22 cm
Otros Autores:
Nolla i Brufau, Josep M.
Materias:
Empúries (Ciutat antiga) -- Guies
MARC
| LEADER | 00000nam a2200000Ia 4500 | ||
|---|---|---|---|
| 001 | 8477 | ||
| 008 | 160829s1988 xx 000 0 cat d | ||
| 020 | |a 84-7794-014-2 | ||
| 080 | |a H-1-209 | ||
| 100 | |a Sanmartí i Grego, Enric |9 19674 | ||
| 245 | |a Empúries : |b guia itinerària / Enric Sanmartí, Josep M. Nolla | ||
| 260 | |a Barcelona : |b Diputació de Barcelona. Servei de Cultura, |c 1988 | ||
| 300 | |a 63 p. : |b il., negre i col., 1 f. pleg. ; |c 22 cm | ||
| 590 | |a Altres exemplars en castellà, francès, anglès i alemany: H-1-210, H-1-211, H-1-212, H-2-337 | ||
| 651 | 0 | |a Empúries (Ciutat antiga) |v Guies |9 54668 | |
| 651 | 0 | |a Empúries (Ciutat antiga) |v Guies |9 54668 | |
| 700 | |a Nolla i Brufau, Josep M. |9 30342 | ||
| 710 | 1 | |a Barcelona (Catalunya : Província). |b Servei de Cultura |9 54401 | |
| 901 | |a Arxiu | ||
| 942 | |n 1 | ||
| 952 | |0 0 |1 0 |4 0 |6 H1209 |7 1 |9 42952 |a Arxiu |b Arxiu |d 2016-12-01 |l 0 |o H-1-209 |p 8477 |r 2016-12-01 00:00:00 |w 2016-12-01 |y ARXIU | ||
| 952 | |0 0 |1 0 |4 0 |6 PDL |7 1 |9 63419 |a Arxiu |b Arxiu |d 2022-08-12 |l 0 |o PDL |p 26453 |r 2022-08-12 00:00:00 |w 2022-08-12 |y ARXIU | ||
| 999 | |c 45494 |d 45494 | ||